| 000 | 00440nam a2200145Ia 4500 | ||
|---|---|---|---|
| 008 | 230917s9999||||xx |||||||||||||| ||und|| | ||
| 040 |
_e22377 _aMAIN |
||
| 041 | _aEnglish | ||
| 082 | _a512.7 Z19N | ||
| 100 | _aZassenhaus, Hans | ||
| 245 | 0 | _aNumber theory and algebra: Collected papers dedicated to Henry B Mann, Arnold E Ross and Olga Taussky-Todd | |
| 260 |
_aNew York _bAcademic Press _c1977 |
||
| 300 | _axlvi, 393 p. | ||
| 942 | _cBK | ||
| 999 |
_c190826 _d190826 |
||